|
|
|
|
| LEADER |
00000naa2a2200000 4500 |
| 001 |
92456 |
| 005 |
20251202135758.0 |
| 035 |
|
|
|a (RuTPU)RU\TPU\book\99059
|
| 090 |
|
|
|a 92456
|
| 100 |
|
|
|a 20060314d2005 k y0rusy50 ca
|
| 101 |
0 |
|
|a rus
|
| 102 |
|
|
|a RU
|
| 200 |
1 |
|
|a Потери электроэнергии в системе собственных нужд пылеугольной ГРЭС
|f А. М. Артюх, В. В. Литвак
|
| 320 |
|
|
|a Библиогр.: 3 назв.
|
| 463 |
|
1 |
|0 (RuTPU)RU\TPU\book\95229
|t Энергетика: экология, надежность, безопасность
|o материалы докладов одиннадцатой Всероссийской научно-технической конференции, Томск, 7-9 декабря 2005 г.
|f Томский политехнический университет; Российский фонд фундаментальных исследований; Международная энергетическая академия; Международная академия наук экологии и безопасности жизнедеятельности; Энергетика: экология, надежность, безопасность, Всероссийская научно-техническая конференция
|v С. 284-286.
|d 2005
|
| 610 |
1 |
|
|a пылеугольные ГРЭС
|
| 610 |
1 |
|
|a электроэнергия
|
| 610 |
1 |
|
|a технические потери
|
| 610 |
1 |
|
|a электростанции
|
| 610 |
1 |
|
|a воздушные линии электропередачи
|
| 610 |
1 |
|
|a линии электропередач
|
| 610 |
1 |
|
|a труды учёных ТПУ
|
| 700 |
|
1 |
|a Артюх
|b А. М.
|
| 701 |
|
1 |
|a Литвак
|b В. В.
|c специалист в области теплоэнергетики
|c профессор Томского политехнического университета, доктор технических наук
|f 1940-
|g Валерий Владимирович
|3 (RuTPU)RU\TPU\pers\25676
|9 11587
|
| 801 |
|
1 |
|a RU
|b 63413507
|c 20060314
|g PSBO
|
| 801 |
|
2 |
|a RU
|b 63413507
|c 20140226
|g PSBO
|
| 942 |
|
|
|c BK
|